|
|
|
|
| LEADER |
00000nam a2200000 a 4500 |
| 001 |
vtls011572379 |
| 003 |
SK-MaSNL |
| 005 |
20260301041455.0 |
| 008 |
251112 1864 gw 000 0 ger |
| 015 |
|
|
|a SNBHFA1864
|
| 020 |
|
|
|q (brož.)
|
| 035 |
|
|
|a 1E0DF09F-CF93-409F-A0DF-484C8193AC4F
|
| 035 |
|
|
|a urn:nbn:sk:snk-amlt61
|
| 035 |
|
|
|a urn:nbn:sk:snk-am00caqb
|
| 040 |
|
|
|a SNKHF
|b slo
|c SNK
|e AACR2
|
| 041 |
0 |
|
|a ger
|
| 044 |
|
|
|a gw
|c DE
|
| 072 |
|
7 |
|a 93/94
|x Dejiny
|2 konspekt
|
| 080 |
|
|
|a 93/94
|2 2011
|
| 080 |
|
|
|a (430)
|2 2011
|
| 080 |
|
|
|a 321
|2 2011
|
| 100 |
1 |
|
|a Bluntschli, Johann Caspar,
|d 1808-1881
|4 aut
|9 343250
|
| 245 |
1 |
0 |
|a Geschichte der Wissenschaften in Deutschland
|b Neuere Zeit
|n Erster Band
|c Geschichte des Allgemeinen Statsrechts und der Politik
|c von J. C. Bluntschli
|
| 260 |
|
|
|a München
|b Literarisch-artistische Anstalt der J. C. Cotta'schen Buchhandlung
|c 1864
|
| 300 |
|
|
|a XVI, 336 s.
|c 22 cm
|
| 500 |
|
|
|a Text začína na titulnom liste
|
| 500 |
|
|
|a Živé záhlavie
|
| 500 |
|
|
|a Obálkový titulný list
|
| 504 |
|
|
|a Poznámky pod textom
|
| 504 |
|
|
|a Register
|
| 525 |
|
|
|a Prospectus. Juni 1864
|
| 546 |
|
|
|a Nemčina
|b Fraktúra
|
| 561 |
|
|
|a Okrúhla pečiatka: Museálna Slovenská spoločnosť.
|5 SNK IC 142824
|
| 561 |
|
|
|a Rukopisná poznámka: Šembery-Kmeť. č. 117.
|5 SNK IC 142824
|
| 650 |
0 |
7 |
|a dejiny
|2 SNKPH
|9 3825
|
| 650 |
0 |
7 |
|a politológia
|2 SNKPH
|9 4684
|
| 651 |
|
7 |
|a Nemecko
|2 SNKPHgeo
|9 21020
|
| 700 |
1 |
|
|a Kmeť, Andrej,
|d 1841-1908
|4 fmo
|9 191981
|
| 710 |
2 |
|
|a Literarisch-artistische Anstalt der J. C. Gottaschen Buchhandlung (Mníchov, Nemecko)
|4 prt
|9 343251
|
| 752 |
|
|
|a Nemecko
|d Mníchov
|
| 852 |
|
|
|a snk
|b Historické fondy
|p IC 142824
|
| 958 |
|
|
|a ONDV
|
| 999 |
|
|
|c 588570
|d 590500
|
| 952 |
|
|
|t Kme X/635
|a SNK
|b SNK
|c SNK_HF
|y PREZ
|7 0
|p 17A1128957
|o snkIC 142824
|i snk2016/18988
|8 5
|0 0
|1 0
|4 0
|d 2016-08-10
|f 1
|l 0
|r 2026-02-23 15:16:25
|w 2026-02-23
|